=LDR 00000nam 2200000 4500 =001 INLIS000000000057640 =005 20210323113406 =035 ##$$a 0010-0321000071 =245 1#$$a Pembudidayaan dan Pengolahan Melinjo /$c Tim Penulis PS =100 #$$a Tim Penulis PS =300 ##$$a 69 ; $c 20.5 cm =260 ##$$a JAKARTA :$b Penebar Swadaya,$c 2005 =082 ##$$a 634.5 =084 ##$$a 634.5 TIM p =020 ##$$a 979-489-141-X